000 03386cam a2200301 4500500
005 20251228052942.0
041 _afre
042 _adc
100 1 0 _aAbsi, Pascale
_eauthor
245 0 0 _aPatrimoine et conflits sociaux : l'exemple de la défense de la montagne minière de Potosi, Bolivie
260 _c2005.
500 _a96
520 _aRésuméContrairement à ce que suggère le concept universalisant de Patrimoine de l’humanité, dans les faits, le patrimoine n’existe jamais que dans des appropriations et des configurations sociales et historiques particulières. Ces dernières sont elles-mêmes traversées par des clivages qui divisent les populations concernées, à l’heure de définir où commence et où finit l’injonction du patrimoine. En raison de son histoire coloniale, le site minier de Potosi a été déclaré Patrimoine de l’humanité en 1987. L’usage fait de ce titre, par une partie de la population pour s’opposer à sa mise en exploitation massive, et la relégation des enjeux économiques et politiques du débat sont ici l’occasion de s’interroger sur les tensions et les écueils qui surgissent de la confrontation entre la vocation universalisante et publique du patrimoine et les intérêts particuliers des acteurs sur le terrain.
520 _aThe concept of « Mankind Heritage » is universal and abstract. It really exists only in specific social and historical contexts. These contexts give birth to conflicts dividing the population on the size and scope of what must be protected. As a witness of colonial history, the Potosi mine became « Mankind Heritage » in 1987. A sector of the population takes advantage of this prestigious title to refuse a large-scale exploitation of the site, without paying attention to economic and political issues. This example shows tensions and obstacles between local private interests and the universal and public characters of a patrimonial heritage.
520 _aResumenContrariamente a lo que sugiere el concepto « universalizador » de « Patrimonio de la Humanidad », en los hechos, el patrimonio solo existe dentro de apropiaciones y configuraciones socio-históricas particulares. Estas se caracterizan por discrepancias que dividen las poblaciones a la hora de definir donde empieza, y donde acaba, la autoridad del patrimonio. Debido a su pasado colonial, el sitio minero de Potosí fue declarado « Patrimonio de la Humanidad » en 1987. Un sector de la población hace uso de ese título para oponerse a la explotación a grán escala de los yacimientos mineros, eliminando, de esta manera, los factores económicos y políticos que están en juego. Esta situación brinda la oportunidad de reflexionar sobre las tensiones y los problemas que surgen de la confrontación entre la vocación universal y pública del patrimonio y los intereses particulares de los actores locales.
690 _aBolivie
690 _aconflits sociaux
690 _amines
690 _apatrimoine industriel
690 _aPotosi
690 _aBolivia
690 _aindustrial patrimony
690 _amine
690 _aPotosi
690 _asocial conflict
786 0 _nEspaces et sociétés | 119 | 4 | 2005-03-01 | p. 199-214 | 0014-0481
856 4 1 _uhttps://shs.cairn.info/revue-espaces-et-societes-2004-4-page-199?lang=fr&redirect-ssocas=7080
999 _c1584886
_d1584886